Guess the presidents. - Statistics

General Stats
  • This quiz has been taken 22 times
  • The average score is 9 of 12
Answer Stats
Picture Answer % Correct
George Washington
95%
Theodore Roosevelt
95%
Gerald Ford
90%
George Bush
80%
Herbert Hoover
80%
Jimmy Carter
80%
Thomas Jefferson
80%
Abraham Lincoln
75%
Ulysses S. Grant
75%
James Garfield
60%
Rutherford B. Hayes
40%
Chestur A. Arthur
30%
No matching quizzes found
Score Distribution
Percent of People with Each Score
Percentile by Number Answered
Your Score History
You have not taken this quiz